000 00648nam a2200277Ia 4500
005 20260324130118.0
008 008 260324s9999 xx 000 0 eng d
020 _a9781003071358
037 _aEBOOK
040 _aCRL
040 _beng
040 _cCRL
041 _2eng
041 _aeng
084 _qCRL
100 _aDavid C. Kraemer
_91180553
245 0 _aJewish Eating and Identity Through the Ages
260 _bTaylor and Francis
260 _c2008
365 _a
365 _b230
856 _uhttp://www.taylorfrancis.com/books/9781003071358
942 _cEBOOK
999 _c1776417
_d1776417